01014nam a2200217 a 450000100100000000500170001000800410002702000180006804000250008608200160011110000470012724500600017426000520023430000210028650000910030759000270039895201200042595201140054595201200065999900170077900004664520230331073628.0090827s20uu dr 000 0 spa d a9789945904284 aDO-SdBNPbspacBNPHU axxxxbH557d aHernández Rueda, Lupo,d1930-201792379013aEl despido y jurisprudencias /cLupo Hernández Rueda. aMoca, República Dominicana :bDalis,c[20--]. a228 p. ;c21 cm. aEste libro es parte de una obra inédita del autor denominada El Contrato de Trabajo. aInventariado, 2018/ YL 0010718DSaGRbGRcCTd2018-03-15iLF1l0oxxxx H557dp46645-30r2020-06-25te. 3w2020-06-25yLFDSZNo se presta 0010718PDaPDbPDcCTd2018-03-15iLF1l0oxxxx H557dp46645-10r2020-06-25w2020-06-25yLFPDZNo se presta 0010718PDaPDbPDcCTd2018-03-15iLF1l0oxxxx H557dp46645-20r2020-06-25te. 2w2020-06-25yLFPDZNo se presta c46134d46134